000 00691nam a2200241Ia 4500
003 GCL
008 140319s9999 xx 000 0 ara d
040 _aGCL /
_cGCL
082 0 4 _a320.54
_bا ق
100 1 _aانور عبدالملك
245 1 0 _aالقومية والاشتراكية /
_cانور عبدالملك
260 _a[S.N] :
_bدار المستقبل ،
_c1990
300 _a204 ص
490 _a
650 0 4 _aالعصر الحديث
650 0 4 _aمصر
650 0 4 _aتاريخ
650 0 4 _aالاشتراكية
650 0 4 _aحركات التحرير
650 0 4 _aثورة 23 يوليو 1952
650 0 4 _aالقومية العربية
942 _2ddc
_cBK
999 _c55439
_d55439